| 000 | 00000nam##2200000za#4500 |
| 001 | 9.648133 |
| 003 | CaOODSP |
| 005 | 20200330091808 |
| 007 | ta |
| 008 | 150407|2001||||xxc||||| f|0| 0 eng|d |
| 020 | |a0-662-30262-1 |
| 040 | |aCaOODSP|beng |
| 043 | |an-cn--- |
| 086 | 1 |aE2-276/1999E |
| 110 | 1 |aCanada.|bForeign Affairs and International Trade. |bCanadian Centre for Foreign Policy Development. |
| 245 | 10|aCivil Society Roundtable on Guatemalan Peace Accords and options for Canada : |broundtable report / |cby Frances Arbour. |
| 260 | |aOttawa - Ontario : |bForeign Affairs and International Trade. |c2001. |
| 300 | |a16p. : |c28 cm. |
| 504 | |aBibliography. |
| 563 | |aSoftcover |
| 590 | |a02-24|b2002-06-14 |
| 590 | |a02-25|b2002-06-21 |
| 690 | 07|aAgreements|2gcpds |
| 690 | 07|aForeign policy|2gcpds |
| 690 | 07|aPeace|2gcpds |
| 776 | 0#|tCivil Society Roundtable on the Guatemalan Peace Accords and Options for Canada : |w(CaOODSP)9.686068 |